000 00722nam a2200229Ia 4500
001 9187
003 GE_BSU
008 181216s||||||||xx |||||||||||||| ||und||
040 _cGE_BSU
080 _a821.353.1–32
100 _aლორთქიფანიძე,კონსტანტინე
245 _aუკვდავება.
245 _bმოთხრობები
245 _cგაფორმება ნ.ჩერნიშკოვისა
260 _aთბილისი
260 _bსაბლიტგამი
260 _c1939
300 _a106გვ.ილ.16სმ.
653 _aმოთხრობები
653 _aუკვდავება.
942 _cBK
999 _c42490
_d42490